Normal view
MARC view
Entry Personal Name
001 - CONTROL NUMBER
- control field: 37639
003 - CONTROL NUMBER IDENTIFIER
- control field: ARRUPE
005 - DATE AND TIME OF LATEST TRANSACTION
- control field: 20171121142751.0
008 - FIXED-LENGTH DATA ELEMENTS
- fixed length control field: 171121|| aca||aabn | a|a d
040 ## - CATALOGING SOURCE
- Original cataloging agency: ARRUPE
- Transcribing agency: ARRUPE
100 ## - HEADING--PERSONAL NAME
- Personal name: Grube, G. M. A.
- Fuller form of name: (George Maximilian Anthony)
670 ## - SOURCE DATA FOUND
- Source citation: Work cat.: (ARRUPE)0: Plato. 37637, Five dialogues /, c2002.